000 00525nam a2200193Ia 4500
008 151121s9999||||xx |||||||||||||| ||und||
082 _a081/STA
082 _bHNW-59239
100 _aStatunton Howard
245 4 _aThe Complete Illistrated Shakespeare
260 _b"Gallery Books, New York।"
260 _c--
300 _a824
600 _aStatunton Howard
630 _aThe Complete Illistrated Shakespeare
700 _aStatunton Howard
730 _aThe Complete Illistrated Shakespeare
942 _cBOOK
999 _c1241024
_d1241021